Départements du Contour de la France sur une Carte - Statistiques

Statistiques générales
  • Ce quiz a été pris 2 255 fois
  • Le résultat moyen est 38 sur 42
Réponses sur la Carte
Les réponses sont colorées sur une échelle allant du rouge au vert en fonction du pourcentage des utilisateurs qui les ont devinées à leur premier essai. Vous pouvez retrouver ces pourcentages ci-dessous.
 
Statistiques - réponses
Départements % Correct
Finistère
97%
Nord
97%
Pas-de-Calais
95%
Bas-Rhin
94%
Gironde
94%
Haut-Rhin
94%
Bouches-du-Rhône
93%
Pyrénées-Atlantiques
93%
Savoie
93%
Alpes-Maritimes
92%
Côtes-d'Armor
92%
Haute-Savoie
92%
Landes
92%
Manche
92%
Morbihan
92%
Pyrénées-Orientales
92%
Var
92%
Calvados
91%
Charente-Maritime
91%
Loire-Atlantique
91%
Moselle
91%
Vendée
91%
Hérault
90%
Ille-et-Vilaine
89%
Seine-Maritime
89%
Territoire de Belfort
89%
Hautes-Alpes
88%
Jura
88%
Meurthe-et-Moselle
88%
Hautes-Pyrénées
87%
Somme
87%
Ardennes
86%
Gard
86%
Alpes-de-Haute- Provence
85%
Ain
83%
Aude
83%
Doubs
82%
Eure
82%
Haute-Garonne
82%
Meuse
82%
Aisne
81%
Ariège
81%
Aucun quiz correspondant
Distribution des résultats
% des personnes avec chaque résultat
Percentile par nombre de réponses
Votre historique - résultats
Vous n’avez pas pris ce quiz